Normal view
MARC view
Entry Personal Name
001 - CONTROL NUMBER
- control field: 26227
003 - CONTROL NUMBER IDENTIFIER
- control field: Doon University
005 - DATE AND TIME OF LATEST TRANSACTION
- control field: 20260206162526.0
008 - FIXED-LENGTH DATA ELEMENTS
- fixed length control field: 260206|| aca||aabn | a|a d
040 ## - CATALOGING SOURCE
- Original cataloging agency: Doon University
- Transcribing agency: Doon University
100 ## - HEADING--PERSONAL NAME
- Personal name: Pandey, Navanshu
670 ## - SOURCE DATA FOUND
- Source citation: Work cat.: (Doon University)60274: Bhatt, Vipul 26175, Uttarakhand At 25 Reflecting a Journey of Development , 2024